000 02862cam a2200361La 4500
001 41006
005 20230411085955.0
008 020116s1996 nyu b i100 0 eng d
035 _a(OCoLC)ocm82728509
040 _aNIC
_cCUY
035 _a(OCoLC)82728509
043 _ad------
086 _aUNCTAD/ECDC/PA/4/Rev.1
_2undocs
090 _a
_bU58 1996
049 _aGRAL
245 0 0 _aGlobalization and liberalization :
_beffects of international economic relations on poverty.
246 3 0 _aEffects of international economic relations on poverty
260 _aNew York :
_bUnited Nations,
_c1996.
300 _ax, 254 p. ;
_c21 cm.
500 _aAt head of title: United Nations Conference on Trade and Development.
500 _aU.N. document symbol: UNCTAD/ECDC/PA/4/Rev.1.
500 _a"Inter-agency thematic contribution to the International Year for the Eradication of Poverty."
504 _aIncludes bibliographical references.
505 0 _gpt. I.
_tPoverty-related elements of globalization and liberalization --
_tEffects of globalization and liberalization on poverty: concepts and issues /
_rDavid Woodward --
_tGlobalization and liberalization: an opportunity to reduce poverty /
_rIshrat Husain --
_tTrade and the Uruguay Round: some misconceptions dispelled /
_rZdenek Drabek --
_tGlobal financial integration and related domestic liberalization policies /
_rPeter S. Heller --
_tImplications of macroeconomic policies for equity and poverty /
_rRolph van der Hoeven --
_tDomestic liberalization policies and public finance: poverty implications /
_rSantosh Mehrotra --
_tSafety nets and compensatory measures /
_rCarol Graham.
505 0 _gpt. II.
_tRegional and national experiences: lessons from diversity --
_tAsia --
_tGlobalization and liberalization in East and South East Asia: implications for growth, inequality and poverty /
_rRajah Rasiah --
_tThe importance of foreign direct investment for exports, economic growth and poverty reduction in China /
_rPadma Mallampally --
_tWhat prospects does India have of benefitting from globalization? /
_rSumit Roy --
_tLatin America --
_tGlobalization and liberalization in Latin America: implications for growth, inequality and poverty /
_rAndrĂ¢e Urani --
_tMexico's financial crisis and its effects on income distribution and poverty /
_rEugenia Correa --
505 0 _tSub-Saharan Africa --
_tGlobalization and liberalization in sub-Saharan Africa: implications for growth and poverty /
_rPaul Mosley --
_tIs the Asian NIEs approach relevant for sub-Saharan Africa? /
_rFantu Cheru.
650 0 _aInternational economic assistance
_vCongresses.
650 0 _aInternational economic relations
_vCongresses.
650 0 _aPoverty
_xGovernment policy
_zDeveloping countries
_xCongresses.
710 2 _aUnited Nations Conference on Trade and Development.
942 _2lcc
_cbk
994 _aC0
_bDRFGD
999 _c110298
_d110298